Американската мечта (Запис номер 107270)
[ съкратено ]
| 000 -Лидер | |
|---|---|
| Контролно поле с фиксирана дължина | 01724nam a2200409 c 4500 |
| 003 - Код на организацията, давaща контролен номер | |
| Контролно поле | BLK |
| 005 - Дата и час на последна редакция | |
| Контролно поле | 20180422105755.0 |
| 008 - Елементи от данни с фиксирана дължина | |
| fixed length control field | 180409b bul|||||r ||||||| ||bul|| |
| 010 ## - Наследен системен номер | |
| LC control number | KNG00112547000 |
| 020 ## - Международен стандартен номер на книга ISBN | |
| Международен стандартен номер на книга ISBN | 954-742-067-4 |
| -- | издат.: Слънце |
| 040 ## - Източник на каталожния запис | |
| Идентификатор на билиотеката - собственик на записа | BLK |
| 041 ## - Код за език | |
| Код за езика на текст/звукозапис или на отделно заглавие | Български |
| Код за езика КДБФ | Български |
| 080 ## - УДК | |
| Текстов определител УДК | История на САЩ |
| УДК код - определител по УДК | 973 |
| УДК определител | (02.062) |
| УДК - код + определител | 973(02.062) |
| 080 ## - УДК | |
| Текстов определител УДК | Социално поведение. Социална психология |
| УДК код - определител по УДК | 316.6 |
| УДК определител | (=1.73)(02.062) |
| УДК - код + определител | 316.6(=1.73)(02.062) |
| 100 1# - Редна дума - Автор | |
| Автор | Кълън, Джим |
| Авторска отговорност | първи автор |
| R(LIN) | 310864 |
| 139 ## - Редно поле | |
| Редна дума | Кълън, Джим |
| Авторски знак | Кую - К 95 |
| 245 10 - Сведения за заглавието | |
| Заглавие | Американската мечта |
| Подзаглавни данни | Кратка история на идеята, обединила един народ |
| Редно поле (дума) | Джим Кълън; прев. от англ. Аглика Маркова. |
| 257 ## - Страна на издаване | |
| Страна на създаване/издаване | Съединени американски щати |
| 260 ## - Област на издателските данни | |
| -- | София |
| Име на издателя, разпространителя и проч. | Слънце |
| Година на издаване | 2004 |
| Печатница | София : Инвестпрес |
| 300 ## - Физическа характеристика | |
| Страници | 288 с. |
| Размери/Мащаб | 20 см |
| 380 ## - Жанр | |
| Жанр | История |
| 490 1# - СЕРИИ (Колекции) | |
| Име на серия | Поглед към САЩ |
| 500 ## - Общи забележки | |
| Забележка | Ориг. загл. The American Dream / Jim Cullen. - Офс. изд. - 300 тир. - Азб. показалец. |
| 650 #4 - Допълнително описание по предмет – тема | |
| Основно описание – тема или топоним | САЩ - история |
| 9 (RLIN) | 262032 |
| 650 #4 - Допълнително описание по предмет – тема | |
| Основно описание – тема или топоним | Американци - народопсихология и социално поведение |
| 9 (RLIN) | 255422 |
| 653 ## - Ключова дума – ненормативна | |
| Ключова дума | САЩ |
| 653 ## - Ключова дума – ненормативна | |
| Ключова дума | история |
| 653 ## - Ключова дума – ненормативна | |
| Ключова дума | обществено развитие |
| 653 ## - Ключова дума – ненормативна | |
| Ключова дума | американци |
| 653 ## - Ключова дума – ненормативна | |
| Ключова дума | народопсихология |
| 700 1# - Други автори (авторска отговорност) | |
| Лично име | Маркова, Аглика |
| Автороска отговорност (Описва отношението между автора и произведението) | прев. от англ. |
| 9 (RLIN) | 373766 |
| 852 ## - Местоположение | |
| Форматна сигнатура | Цб 219145 |
| 856 4# - Електронен адрес и достъп | |
| Електронен формат | pdf - файл |
| Път до файла /url/ | |
| 856 4# - Електронен адрес и достъп | |
| Електронен формат | pdf - файл |
| Път до файла /url/ | |
| 942 ## - АРТИКУЛИ | |
| Вид на библиотечния материал | Книги |
| Скрит в OPAC | Не |
| 944 ## - СЪЗДАВАНЕ И РЕДАКЦИЯ на ЗАПИСА | |
| Създаване/Редакция | Създаване |
| Дата на регистрацията/редакция | 23.04.2004 |
| Служител, извършил регистрацията/редакцията | Валя_Йорданова |
| 944 ## - СЪЗДАВАНЕ И РЕДАКЦИЯ на ЗАПИСА | |
| Създаване/Редакция | Редакция |
| Дата на регистрацията/редакция | 21.03.2005 |
| Служител, извършил регистрацията/редакцията | |
| 999 ## - СИСТЕМНИ КОНТРОЛНИ НОМЕРА | |
| Koha biblionumber | 107270 |
| Koha biblioitemnumber | 107270 |
| Код за отписване | Код за изгубен артикул | Код за повреда | Коз за рестрикции | Код за отдаване | Артикулен № | Име на библиотеката - собственик | Име на библиотеката, в която се намира в момента | Статус (Текущо местоположение) | Дата на вписване в системата | Местоположение - отдел | Цена в лева | Инвентарен номер | Систематично азбучна сигнатура | Баркод | Номер на екземпляра | Цена в евро | Служебна бележка | Служебен тип на артикула |
|---|---|---|---|---|---|---|---|---|---|---|---|---|---|---|---|---|---|---|
| Не е изгубен | Не е повреден | без рестрикции | ползва се в читалня | 173144 | Регионална библиотека "Любен Каравелов" Русе | Регионална библиотека "Любен Каравелов" Русе | Хранилище | 2005-03-21 | Хранилище | 8.00 | 120000692375 | Цб 219145 | 120000692375 | 1 | 4.09 | Дост: Dp Вид: Д N: 19 Дата: 28.04.2004 | Книги |